01342cam a2200313 a 450000100100000000500170001000800410002702000150006804000300008308200170011310000390013024501250016926000700029430000280036449000300039250400360042258600430045865000680050165000320056965100650060165000740066670000350074071000340077583000380080991000340084704900090088195201210089099900170101100001104020200929162339.0970530s1996 cu a b 000 0 spa  a9590400426 aDO-SdBNPbspacDLCdBNPHU a574.5bR816e1 aRosenzvaig, Eduardo,b1951-92649010aEtnias y árboles :bhistoria del universo ecológico Gran Chaco /cEduardo Rosenzvaig ; edición, Clara Hernández. aLa Habana, (Cuba) :bColcultura ;bCasa de las Américas,c1996. a618 p. :bil. ;c19 cm.1 aEnsayo histórico-social aBibliografía: (p. [596]-614). a"Premio Casa de las Américas, 1996." 4aEcología humanazGran Chaco (Región{Rpara}xHistoria926491 4aEcología y ética926492 4aGran Chaco (Región{Rpara}xCondiciones Económicas926493 4aIndios de sur américazGran Chaco (Región{Rpara}xHistoria9264941 aHernández, Clara,eed.941292 aCasa de las Américas926495 0aEnsayo histórico-social.926496 aCatalogación por copia / LC aBNGR 001052708MOaGRbGRcCTd2009-10-13iLF1l0o574.5 R816ep11040-10r2020-06-25w2020-06-25y2ZPréstamo interno c10772d10772